Responses for show #6559 - Thursday, March 7, 2013

Drew Horwood game 3.

Contestants

Jennifer Head, an archivist for the Sisters of Charity from Dubuque, Iowa

Lloyd Baum, an insurance specialist from Long Beach, New York

Drew Horwood, a business analyst from Minneapolis, Minnesota (whose 2-day cash winnings total $36,199)

Jeopardy! Round responses

THE 18th CENTURY
SINGERS PORTRAYED ON FILM
OYSTER STEW
LONDON TRANSPORTATION
LETTERS & WORDS
MARYLAND
    $200 6
piracy

Lloyd
    $200 1
Ray Charles

Lloyd
    $200 16
shucking

Drew
    $200 26
Heathrow

Drew
    $200 7
Alabama

Lloyd
    $200 21
Potomac

Jennifer
    $400 12
slaves

Jennifer
    $400 2
Buddy Holly

Lloyd
    $400 17
(Jennifer: What are button oysters?)

Olympia oysters

Jennifer
Triple Stumper
    $400 28
Thames

Lloyd
    $400 8
(Lloyd: What are Q and X?)
(Drew: What are J and Z?)

Q and Z

DrewLloydJennifer
    $400 22
United States Naval Academy

Lloyd
    $600 13
Federalists

Lloyd
    $600 3
Selena

Lloyd
    $600 18
The Merry Wives of Windsor

Lloyd
    $600 29
The Tube

Drew
    $600 9
guano

Jennifer
    $600 23
Johns Hopkins

Lloyd
    $800 14
Spanish

Triple Stumper
    $800 4
Édith Piaf

Jennifer
    $800 19
(Alex: Go for the obvious. It's an [*].)

oystercatcher

Triple Stumper
    $800 30
cab drivers

Drew
    $800 10
I & J

Lloyd
    $800 24
cannonball

Jennifer
    $1,200 15
Bering

Lloyd
    $1000 5
John Lennon

Triple Stumper
    $1000 20
Oysters Rockefeller

Lloyd
    $1000 27
double-decker bus

Lloyd
    $1000 11
Y

Drew
    $1000 25
(Jennifer: What is Prince William County?)

Prince George's County

Jennifer
Triple Stumper

Scores at the first commercial break (after clue 15):

Drew Lloyd Jennifer
$600 $3,800 $2,200

Scores at the end of the Jeopardy! Round:

Drew Lloyd Jennifer
$2,400 $7,800 $1,800

Double Jeopardy! Round responses

STARTING "EN"
LAWYER/ AUTHORS NOT JOHN GRISHAM
THAT '80s SHOW
SHARP (& FLAT) INSTRUMENTS
A HORSE OF A DIFFERENT COLOR
MARRY LAND
(Alex: You have to identify the country where the marriage took place.)
    $400 21
encounter

Jennifer
    $400 11
New York City

Drew
    $400 4
Pee-wee (Herman)

Drew
    $400 13
accordion

Lloyd
    $400 1
chestnut

Drew
    $400 26
Monaco

Lloyd
    $800 22
enmity

Drew
    $800 12
(Robert Louis) Stevenson

Lloyd
    $800 5
(Jennifer: What is Webster?)

Benson

LloydJennifer
    $800 14
banjo

Jennifer
    $800 2
palomino

Lloyd
    $800 27
Australia

Lloyd
    $1200 23
enzyme

Drew
    $1200 18
We the People

Drew
    $1200 6
Trapper John, M.D.

Jennifer
    $1200 15
bagpipes

Drew
    $1200 3
bay

Triple Stumper
    $1200 28
Austria

Jennifer
    $1600 24
(Alex: Ah, it's good that you got that. The sisters would never let you live it down.)

encyclical

Jennifer
    $1600 19
About Schmidt

Triple Stumper
    $1600 7
Perfect Strangers

Jennifer
    $1600 16
vuvuzela

Drew
    $1600 9
(Drew: What is a strawberry blonde horse?)

roan

Drew
Triple Stumper
    $1600 29
Canada

Lloyd
    $2,000 25
entropy

Jennifer
    $2000 20
Edgar Lee Masters

Lloyd
    $2000 8
Miami Vice

Triple Stumper
    $4,800 17
trombone

Drew
    $2000 10
buckskin

Jennifer
    $2000 30
Switzerland

Drew

Scores at the end of the Double Jeopardy! Round:

Drew Lloyd Jennifer
$14,800 $15,400 $11,800

[wagering suggestions for these scores]

Final Jeopardy! Round responses

THE WESTERN HEMISPHERE
JenniferWhat is Costa Rica
$5,000
DrewWhat is Costa Rica?
$13,000
LloydWhat is Honduras?
$14,201
Costa Rica or Belize

Final scores:

Drew Lloyd Jennifer
$27,800 $1,199 $16,800
3-day champion: $63,999 3rd place: $1,000 2nd place: $2,000

Game dynamics:

Coryat scores:

Drew Lloyd Jennifer
$12,000 $15,200 $11,800
15 R
(including 1 DD),
2 W
22 R
(including 1 DD),
1 W
14 R
(including 1 DD),
3 W

Combined Coryat: $39,000

The J! Archive is created by fans, for fans. The Jeopardy! game show and all elements thereof, including but not limited to copyright and trademark thereto, are the property of Jeopardy Productions, Inc. and are protected under law. This website is not affiliated with, sponsored by, or operated by Jeopardy Productions, Inc. Join the discussion at JBoard.tv.